000 01807nam0a2200397 4500
001 RU\NLR\ONL1\16834
005 20260406073245.0
035 _a(NLR Aleph) 009645572
090 _a9562661
_c9562661
100 _a20100602d1939 |||y0rusy50 ca
101 1 _amdf
_crus
102 _aRU
105 _aa |||||||||
135 _acrcn 024anaba
200 1 _aНиле боевой случайхть
_fЛ. Успенский
_g[рис. А. Давыдовой
_gпер. М. Рогова]
210 _aМ.
_aЛ.
_cДетиздат
_d1939
215 _a32 с.
_cил.
_d22
325 1 _aКопия доступна в электронной библиотеке РНБ
541 1 _aЧетыре боевых случая
_eдля дошк. возраста
_zrus
600 1 _aВорошилов
_bК. Е.
_f1881 - 1969
_gКлимент Ефремович
_jИздания для детей
_91422190
_3RU\NLR\AUTH\66289000
686 1 _aШ9(2)672=Морд(Р)-4
686 0 _aШ9
_bЦ
686 0 _aШ9
_bФ
700 1 _4070
_8rus
_7ca
_aУспенский
_bЛ. В.
_cписатель
_f1900-1978
_gЛев Васильевич
_3RU\NLR\auth\7731241
_914251
702 1 _aДавыдова
_bА.
_4440
801 0 _aRU
_bNLR
_c20100602
_gPSBO
852 _aNLR
_bОНЛ
_jМорд.м./3-276
901 _eКнижные издания: ОНЛ
942 _cBOOK
980 _aNB
981 3 3 _a(33) Художественная литература
_b(33) Книги для детей на национальных языках
981 2 3 _a(23) Национальные литературы
_b(23) Книги на национальных языках